=LDR 00000nam 2200000 4500 =001 INLIS000000000034470 =005 20130612140357 =008 ***********************************ind** =035 ##$$0010-061300000034470 =041 ##$$a ind =082 ##$$a F Rom K =090 ##$$a F rom K, Car s =100 ##$$a Caveney, Philip =245 ##$$a Sebastian Darke, prince of foals/Philip Caveney; Penerjemah, Aan; Penyunting, Fransisca Goenarso =260 ##$$a 2009 $b Bandung =300 ##$$a 355 hlm, 20 cm =650 ##$$a Fiksi kanak-kanak =700 ##$$a Aan =850 ##$$a NBPNMAT =990 ##$$a 0001/BPAP-NTB/20142015